000 00203 a2200097 4500
001 42865
100 _aEdmand I.G
245 _aPakistan
260 _aNew York
_bHolt Rinehart
_c
090 _c26754
_d26754
942 _aNUST-CAE
_cM
_c18618
999 _c277938
_d277938